| 000 | 00998cam a2200229 4500500 | ||
|---|---|---|---|
| 005 | 20251228142512.0 | ||
| 041 | _afre | ||
| 042 | _adc | ||
| 100 | 1 | 0 |
_aBonelli, Laurent _eauthor |
| 700 | 1 | 0 |
_aGuild, Elspeth _eauthor |
| 700 | 1 | 0 |
_aBigo, Didier _eauthor |
| 700 | 1 | 0 |
_aGuittet, Emmanuel-P. _eauthor |
| 700 | 1 | 0 |
_aWalker, R.B.J. _eauthor |
| 700 | 1 | 0 |
_aPérier, Miriam _eauthor |
| 700 | 1 | 0 |
_aMitsilegas, Valsamis _eauthor |
| 700 | 1 | 0 |
_aBonditti, Philippe _eauthor |
| 700 | 1 | 0 |
_aGarcía Castro, Antonia _eauthor |
| 245 | 0 | 0 | _aSuspicion et exception |
| 260 |
_bL'Harmattan,
_c2005. |
||
| 520 | _aSur fond de «guerre globale au terrorisme»,les doctrines de sécurité nationale élargies à l’ensemble du monde se nourrissent aujourd’hui des logiques de I 'exception où la sécurité devient la valeur clé, reléguant ainsi la liberté et la justice à d’autres. | ||
| 856 | 4 | 1 | _uhttps://shs.cairn.info/suspicion-et-exception--9782747589116?lang=fr&redirect-ssocas=7080 |
| 999 |
_c1608380 _d1608380 |
||